Learning SQL : Generate, Manipulate, and Retrieve Data /

Contiene: 1) Un poco de historia; 2) Creación y llenado de una base de datos; 3) Introducción a las consultas; 4) Filtrado; 5) Consulta de varias tablas; 6) Trabajar con conjuntos; 7) Generación, manipulación y conversión de datos; 8) Agrupaciones y agregados; 9) Subconsultas; 10) Uniones revisadas;...

Πλήρης περιγραφή

Αποθηκεύτηκε σε:
Λεπτομέρειες βιβλιογραφικής εγγραφής
Κύριος συγγραφέας: Beaulieu, Alan (autor)
Μορφή: Βιβλίο
Γλώσσα:Αγγλικά
Έκδοση: Sebastopol, EUA : O'Reilly, 2020, c2020
Έκδοση:3a edición
Θέματα:
Διαθέσιμο Online:Ver documento en línea
Ετικέτες: Προσθήκη ετικέτας
Δεν υπάρχουν, Καταχωρήστε ετικέτα πρώτοι!

MARC

LEADER 00000nam^a2200000^a^4500
001 000450870
005 20251023000000.0
009 20260310123758.858
020 |a 978-1-492-05758-1 
037 |a Acervo ITESO - Biblioteca 
041 |a ING 
082 |a 005. 7565  |b BEA 
100 |a Beaulieu, Alan  |e (autor) 
245 1 0 |a Learning SQL :  |b Generate, Manipulate, and Retrieve Data /  |c A. Beaulieu. 
250 |a 3a edición 
264 4 |a Sebastopol, EUA :  |b O'Reilly,  |c 2020, c2020 
264 2 |a Birmingham, EUA :  |b EBSCOhost [distribución],  |c 2020 
300 |a 1 libro electrónico en línea (XVI, 360 p.) 
300 |a 1 recurso en línea 
336 |a datos para computadora  |b cod  |2 rdacontenido 
337 |a computadora  |b c  |2 rdamedio 
338 |a recurso en línea  |b cr  |2 rdasoporte 
506 1 |a 1 licencia 
520 |a Contiene: 1) Un poco de historia; 2) Creación y llenado de una base de datos; 3) Introducción a las consultas; 4) Filtrado; 5) Consulta de varias tablas; 6) Trabajar con conjuntos; 7) Generación, manipulación y conversión de datos; 8) Agrupaciones y agregados; 9) Subconsultas; 10) Uniones revisadas; 11) Lógica condicional; 12) Transacciones; 13) Índices y restricciones; 14) Vistas; 15) Metadatos; 16) Funciones analíticas; 17) Trabajar con grandes bases de datos; 18) SQL y Big Data. 
521 |a 2023 BO Licenciatura en Ingeniería en Sistemas Computacionales 
521 |a 2023 BO Licenciatura en Ingeniería en Seguridad Informática y Redes 
521 |a 2024 BO Licenciatura en Ingeniería Financiera 
521 |a 2025 BO Licenciatura en Ingeniería en Inteligencia Artificial 
521 |a 2025 BO Licenciatura en Ingeniería y Ciencia de Datos 
649 |a XX 
650 |a Bases de Datos Relacionales -  |x Tema Principal 
650 |a Manejadores de Bases de Datos 
650 |a Proceso Electrónico de Datos 
650 |a Big Data 
650 |a Programación (Software) -  |x Tema Principal 
650 |a Desarrollo de Sistemas 
650 |a Sistemas de Información 
650 |a Sistemas Computacionales 
650 |a Ingeniería Computacional 
856 4 0 |u https://ezproxy.iteso.mx/login?url=https://search.ebscohost.com/login.aspx?direct=true&scope=site&db=nlebk&db=nlabk&AN=2387059  |y Ver documento en línea 
910 |a Fondo General 
920 |a Electrónicos - Libros en Línea 
930 |a Plataforma Digital 
905 |a 205 
901 |a 450870-1  |b IT2  |c EBO  |i C179940  |u 20250521 
902 |a https://opac.biblio.iteso.mx/vufind/Record/000450870